A brief history

محفوظ في:
التفاصيل البيبلوغرافية
التنسيق: كتاب
اللغة:Undetermined
منشور في: Washington National Science Foundation 1972
الموضوعات:
الوسوم: إضافة وسم
لا توجد وسوم, كن أول من يضع وسما على هذه التسجيلة!
Thư viện lưu trữ: Trung tâm Học liệu Trường Đại học Cần Thơ
LEADER 00426nam a2200157Ia 4500
001 CTU_98673
008 210402s9999 xx 000 0 und d
082 |a 507.2073 
082 |b B853 
245 2 |a A brief history 
260 |a Washington 
260 |b National Science Foundation 
260 |c 1972 
650 |a National science foundation (U.S.) 
904 |i Truc 
980 |a Trung tâm Học liệu Trường Đại học Cần Thơ